000
00303nam a22001337a 4500
008
181226b xxu||||| |||| 00| 0 eng d
020
_a
0582280443
041
_a
eng
080
_a
321
100
_a
19
101
_a
SHP
245
_a
Regimes, Movements and Ideologies
_c
Hagopian, M.N
942
_2
udc
_c
BK
999
_c
53773
_d
53773